Canzoni di Ernia - Statistics

Statistiche generali
  • Questo quiz è stato fatto 47 volte
  • Il punteggio medio è 45 su 90
Statistiche sulle risposte
Album Anno Feat Risposta % Corretto
Per Soldi E Per Amore 2025 Kid Yugi Fellini
92%
Gemelli 2021 - Superclassico
87%
Gemelli 2021 - Ferma A Guardare
79%
Gemelli (ascendente Milano) 2021 Pinguini Tattici Nucleari Ferma A Guardare
79%
Per Soldi E Per Amore 2025 - Per Te
79%
Per Soldi E Per Amore 2025 Madame Perché
76%
Per Soldi E Per Amore 2025 - Per Soldi E Per Amore
76%
Come Uccidere Un Usignolo 2017 - Come Uccidere Un Usignolo
74%
Per Soldi E Per Amore 2025 - Grato
74%
68 (Till The End) 2019 - Phi
74%
Per Soldi E Per Amore 2025 - Berlino
71%
Per Soldi E Per Amore 2025 Marracash Da Denuncia
71%
Io non ho paura 2022 - Bu!
68%
No Hooks 2016 - Neve
68%
Io non ho paura 2023 Bresh, Fabri Fibra Parafulmini
68%
Per Soldi E Per Amore 2025 Club Dogo Figlio Di
66%
Per Soldi E Per Amore 2025 - Per I Loro Occhi
66%
Gemelli 2021 Tedua, Rkomi, Lazza Puro Sinaloa
66%
68 2018 - 68
63%
Io non ho paura 2022 Geolier Acqua Tonica
63%
68 (Till The End) 2019 Nitro Certi Giorni
63%
Io non ho paura 2022 - Il Mio Nome
63%
Io non ho paura 2023 Mara Sattei Il Mio Nome Remix
63%
Come Uccidere Un Usignolo 2017 - Bella
61%
68 2018 Tedua Bro
61%
Gemelli 2021 - Vivo
61%
Io non ho paura 2022 - Buonanotte
58%
68 (Till The End) 2019 - Lewandowski VI
58%
Per Soldi E Per Amore 2025 - Mi Ricordo
58%
No Hooks 2016 - Lewandowski IV
55%
Gemelli (ascendente Milano) 2021 - Lewandowski VII
55%
Come Uccidere Un Usignolo 2017 Rkomi Madonna
55%
Gemelli 2021 Shiva MeryXSempre
55%
Gemelli 2021 Fabri Fibra Non Me Ne Frega Un Cazzo
55%
Gemelli 2021 - Cigni
53%
Gemelli (ascendente Milano) 2021 Carl Brave, Sfera Ebbasta Di Notte
53%
Gemelli 2021 Madame Fuoriluogo
53%
Io non ho paura 2023 - Lewandowski X
53%
Io non ho paura 2022 Marco Mengoni Tutti Hanno Paura
53%
No Hooks 2016 - Instagram
50%
Per Soldi E Per Amore 2025 - Non Piangere
50%
68 2018 - Simba
50%
Io non ho paura 2022 Guè,Gaia Bastava La Metà
47%
Gemelli 2021 - Bugie
47%
Io non ho paura 2022 Salmo Cattive Intenzioni
47%
Per Soldi E Per Amore 2025 - Il Gioco Del Silenzio
47%
Come Uccidere Un Usignolo (67 Edition) 2017 - Lei no (Il Tradito)
47%
Io non ho paura 2022 - Weekend
47%
Come Uccidere Un Usignolo (67 Edition) 2017 - La Ballata Di Mario Rossi
45%
Gemelli 2021 Luché Pensavo Di Ucciderti
45%
Io non ho paura 2022 - Rose & Fiori
45%
68 2018 - Sigarette (L'inizio)
45%
68 2018 - Tosse (La Fine)
45%
Gemelli 2021 - U2
45%
Come Uccidere Un Usignolo (67 Edition) 2017 Guè Disgusting
42%
Come Uccidere Un Usignolo 2017 - Gotham
42%
68 (Till The End) 2019 Lazza Il Mondo Chico
42%
Gemelli (ascendente Milano) 2021 - La Prima Volta
42%
Io non ho paura 2022 - L'Impostore
42%
Gemelli 2021 - Morto Dentro
42%
68 2018 - Paranoia Mia
42%
68 2018 - QQQ
42%
Come Uccidere Un Usignolo 2017 - QT
42%
No Hooks 2016 - Santa Maria
42%
Io non ho paura 2022 - Bella Fregatura
39%
Gemelli (ascendente Milano) 2021 2Rari Dissing
39%
Io non ho paura 2022 Rkomi Qualcosa Che Manca
39%
- 2016 - Tutto bene
39%
Io non ho paura 2022 - Così stupidi
37%
Io non ho paura 2022 - Non Ho Sonno
37%
- 2016 Izi, Moses Sangare Fenomeno
34%
68 (Till The End) 2019 Chadia Rodriguez Mr Bamboo
34%
Come Uccidere Un Usignolo (67 Edition) 2017 - Tradimento (Il Traditore)
34%
68 2018 - Domani
32%
68 2018 - La Paura
32%
68 2018 - Un Pazzo
32%
Come Uccidere Un Usignolo 2017 - Ehy Boy
29%
Come Uccidere Un Usignolo 2017 - Feeling
29%
68 2018 - King QT
29%
Come Uccidere Un Usignolo (67 Edition) 2017 - Pas Ta Fête
29%
Gemelli (ascendente Milano) 2021 - Scegliere Bene
29%
68 (Till The End) 2019 - Ti Ho Perso
29%
68 (Till The End) 2019 - Un Sasso Nella Scarpa
29%
- 2016 - Venere
29%
Come Uccidere Un Usignolo (67 Edition) 2017 - Noia
26%
Come Uccidere Un Usignolo 2017 - Amici
24%
68 2018 - No Pussy
24%
Come Uccidere Un Usignolo (67 Edition) 2017 - EGO
21%
Come Uccidere Un Usignolo (67 Edition) 2017 - SPLEEN
21%
- 2018 - La Pelle Del Puma
18%
Nessun quiz corrispondente trovato
Distribuzione punteggi
Percentuale di utenti per punteggio
Percentile per numero di risposta
I tuoi punteggi nel tempo
Non hai fatto questo quiz